| 000 | 00835cam a22002052 4500 | ||
|---|---|---|---|
| 001 | 0000021480 | ||
| 005 | 20151217155910.0 | ||
| 008 | 120607s xx 000 0 eng d | ||
| 040 |
_aKABU _cKABU |
||
| 100 | 1 |
_aJuma, Lucy Stella Atieno. _@0000182380 |
|
| 245 | 1 | 0 |
_aImpact of family socio-economic status on girl students' academic achievement in secondary schools in Kenya : _ba case study of Kisumu East district / _cLucy Stella Atieno Juma, Enose M. W. Simatwa, T. M. Ayodo. |
| 300 | _a14 leaves. | ||
| 500 | _aPhotocopied from "Educational research. v. 3(3) pp. 297-310, March 2012". | ||
| 650 | 0 |
_aEducational reports _zKenya. _@0000182377 |
|
| 700 | 1 |
_aSimatwa, Enose M. W. _@0000182381 |
|
| 700 | 1 |
_aAyodo, T. M. _@0000182379 |
|
| 908 | _a120607 | ||
| 950 | _@1 | ||
| 999 |
_c13838 _d13838 |
||